Loreto College Library, Kolkata
WEBOPAC (ONLINE PUBLIC ACCESS CATALOGUE)

the american economic system (Record no. 36767)

MARC details
000 -LEADER
fixed length control field 00261nam a2200109Ia 4500
008 - FIXED-LENGTH DATA ELEMENTS--GENERAL INFORMATION
fixed length control field 131103s9999 xx 000 0 und d
040 ## - CATALOGING SOURCE
Original cataloging agency Loreto College
041 ## - LANGUAGE CODE
Language code English
100 ## - MAIN ENTRY--PERSONAL NAME | মুখ্য সংলেখ - ব্যাক্তিনাম
Personal name | ব্যাক্তিনাম massimo salvadori
245 ## - TITLE STATEMENT | অাখ্যা বিবরণী
Title | অাখ্যা the american economic system
942 ## - ADDED ENTRY ELEMENTS (KOHA)
Koha item type Books
Holdings
Withdrawn status Lost status Damaged status Not for loan Home library Current library Date acquired Total Checkouts Accession No. Date last seen Price effective from Koha item type
        Loreto College Loreto College 04/11/2013   B39844 04/11/2013 04/11/2013 Books